000
00287cam a22001097a 4500
008
180718b1970 xxu||||| |||| 00| 0 eng d
082
_a
Q436x42 Un3
245
_a
Adoption of children
_c
By HMSO
260
_a
London
_b
HMSO
_c
1970
300
_a
viii,113p.
650
_a
Adoption -- Great Britain
999
_c
413953
_d
413953